| 000 | 00825nam a22002297a 4500 | ||
|---|---|---|---|
| 999 |
_c9723 _d9723 |
||
| 003 | AR-CdUCM | ||
| 008 | 190328b ||||| |||| 00| 0 spa d | ||
| 040 |
_aMUNICIPALIDAD PROVINCIAL DEL CUSCO _cBIBLIOTECA MUNICIPAL DEL CUSCO |
||
| 082 |
_a330.153 / _bC85 / 1869 _22ed. |
||
| 100 |
_aCourcelle-Seneuil, Jean Gustave _926119 |
||
| 245 | _aTratado teórico i práctico de economía política / | ||
| 260 |
_aParís : _bLibr. de Rosas y Bouret, _c1869. |
||
| 300 |
_a2 tomos : _c21 cm. |
||
| 500 | _aDedicatoria | ||
| 505 | _aContenido : T.1 Parte teórica o plutología -- t.2 : Parte teórica o ergonomia. | ||
| 650 |
_aPolítica económica _91407 |
||
| 650 |
_aErgonomia _926120 |
||
| 650 |
_aContratos de sociedad _926121 |
||
| 700 |
_aBello, Jorge Antonio (traductor) _926122 |
||
| 942 |
_2ddc _cLIBROS |
||
| 945 | _arjall | ||